00442nam a2200181 a 4500001001300000003000900013005001700022008004100039020000900080082001800089100002000107245002300127260003700150300000900187500003500196505001000231650001900241nice12345678IN_TiNIC20260116013348.0050524s1980 boma grp 000 0 eng  ac9500a294.3923bTUC aTucci, Giuseppe aReligions of Tibet aBombaybAllied Publicationc1980 a340p aincludes index and biblioraphy2 aIndex aBuddhism-Tibet